000 01037nam a2200313 a 4500
001 000108492
003 CHAP
005 20220329144014.0
008 140218s2010 mx a |r| |||1|||spa|d
010 _a104954
011 _a105926
020 _a9786079529116
040 _cCHAP
082 0 4 _a363.61
_bA11
245 0 0 _aAbasto, uso y escasez de agua :
_bun reto actual para asegurar el futuro /
_cpor María de Lourdes de la Isla de Bauer.
260 3 _amontecillo, Méx. :
_bComité de Acción para el Saneamiento del Ambiente,
_c2010.
300 _a177 p. :
_bil.
590 _aE11695DGD
_b10
_c20140224
_lUCH01
_h1017
590 _aE792CSJ
_b05
_c20140218
_lUCH01
_h1434
650 1 4 _aAgua de lluvia
_xAlmacenamiento.
_92413
650 1 4 _aAgua subterránea
_xValle de México.
_92483
650 1 4 _aAgua y bosques.
_92489
650 1 4 _aAgua
_xConservación
_xMéxico.
_92330
650 1 4 _aAgua
_xContaminación.
_92351
700 0 _aIsla de Bauer, María de Lourdes de la.
_960567
901 _aBK
942 _cLIBRO
942 _n0
999 _c104954
_d104954